MARC детайли
| 000 -Лидер |
| Контролно поле с фиксирана дължина |
03021nam a2200457 c 4500 |
| 003 - Код на организацията, давaща контролен номер |
| Контролно поле |
BLK |
| 005 - Дата и час на последна редакция |
| Контролно поле |
20180422113705.0 |
| 008 - Елементи от данни с фиксирана дължина |
| fixed length control field |
180410b bul|||||r ||||||| ||bul|| |
| 010 ## - Наследен системен номер |
| LC control number |
KNG00167264000 |
| 020 ## - Международен стандартен номер на книга ISBN |
| Международен стандартен номер на книга ISBN |
978-954-92946-9-9 |
| -- |
издат.: Нар. библ. П. Р. Славейков |
| 040 ## - Източник на каталожния запис |
| Идентификатор на билиотеката - собственик на записа |
BLK |
| 041 ## - Код за език |
| Код за езика на текст/звукозапис или на отделно заглавие |
Български |
| Код за езика КДБФ |
Български |
| 072 #7 - Код за тематичната категория |
| Код организация |
bullib |
| Код за тематична категория |
Н92 |
| Текст |
История Н |
| 080 ## - УДК |
| Текстов определител УДК |
Обявяване на независимостта на България. Период на Балканските войни (1908-1914) |
| УДК код - определител по УДК |
94(497.2)"1908/1914" |
| УДК определител |
|
| УДК - код + определител |
94(497.2)"1908/1914" |
| 080 ## - УДК |
| Текстов определител УДК |
България през Първата световна война (1914-1918) |
| УДК код - определител по УДК |
94(497.2)"1914/1918" |
| УДК определител |
|
| УДК - код + определител |
94(497.2)"1914/1918" |
| 080 ## - УДК |
| Текстов определител УДК |
Военна история - Военни походи, битки, героични подвизи. Вж и 93/99 |
| УДК код - определител по УДК |
355.48 |
| УДК определител |
(497.2)"19" |
| УДК - код + определител |
355.48(497.2)"19" |
| 100 1# - Редна дума - Автор |
| Автор |
Марков, Георги Георгиев |
| Авторска отговорност |
първи автор |
| R(LIN) |
364352 |
| 139 ## - Редно поле |
| Редна дума |
Войните 1912 - 1918 |
| Авторски знак |
Воини - В 80 |
| 245 10 - Сведения за заглавието |
| Заглавие |
Войните 1912 - 1918 |
| Подзаглавни данни |
Днешен поглед и интерпретации |
| Редно поле (дума) |
Георги Георгиев Марков; състав. и ред. Иван Николов Радев. |
| 257 ## - Страна на издаване |
| Страна на създаване/издаване |
България |
| 260 ## - Област на издателските данни |
| -- |
В. Търново |
| Име на издателя, разпространителя и проч. |
Нар. библ. П. Р. Славейков |
| Година на издаване |
2014 |
| Печатница |
В. Търново : Сира |
| 300 ## - Физическа характеристика |
| Страници |
272 с. |
| Илюстрации и др. |
с портр., факс. |
| Размери/Мащаб |
21 см |
| Съпровождащи материали |
CD |
| 380 ## - Жанр |
| Жанр |
История |
| 500 ## - Общи забележки |
| Забележка |
Други авт. : М. Палангурски, М. Михов, М. Златев, Ем. Александров, Т. Тонков, Св. Радев, Н. Колев, Ч. Ангелов, Ат. Коев, Т. Недева, Сн. Радович, Др. Нягу, К. Иванова, Д. Атанасова, П. Първанов, Ив. Радев, Н. Димитров, Стр. Цанов, Л. Стоянова, Р. Пенчева, Т. Мешекова. - Библиогр. след отд. докл. и под линия. - Прил. със загл. С нами Бог : Часът на Одрин и сигн. CD 3859. Ч. 3 от проекта Електронен архив на документалното наследство за Балканските войни. |
| 650 #4 - Допълнително описание по предмет – тема |
| Основно описание – тема или топоним |
Балканска война, 1912 - 1913 г. |
| 9 (RLIN) |
251383 |
| 650 #4 - Допълнително описание по предмет – тема |
| Основно описание – тема или топоним |
Междусъюзническа война, 1913 г. |
| 9 (RLIN) |
250525 |
| 650 #4 - Допълнително описание по предмет – тема |
| Основно описание – тема или топоним |
Първа световна война |
| 9 (RLIN) |
269015 |
| 651 #4 - Допълнително описание по предмет - топоним |
| Географско понятие |
България |
| 9 (RLIN) |
241624 |
| 653 ## - Ключова дума – ненормативна |
| Ключова дума |
Балканска война |
| 653 ## - Ключова дума – ненормативна |
| Ключова дума |
Междусъюзническа война |
| 653 ## - Ключова дума – ненормативна |
| Ключова дума |
Първа световна война |
| 653 ## - Ключова дума – ненормативна |
| Ключова дума |
българска история |
| 653 ## - Ключова дума – ненормативна |
| Ключова дума |
военна история |
| 659 ## - Тематичен бюлетин |
| Тематичен бюлетин |
Н |
| 700 1# - Други автори (авторска отговорност) |
| Лично име |
Радев, Иван Николов |
| Автороска отговорност (Описва отношението между автора и произведението) |
състав. и ред. |
| 9 (RLIN) |
363332 |
| 852 ## - Местоположение |
| Форматна сигнатура |
Цб 271507 |
| 856 4# - Електронен адрес и достъп |
| Електронен формат |
pdf - файл |
| Път до файла /url/ |
|
| 856 4# - Електронен адрес и достъп |
| Електронен формат |
pdf - файл |
| Път до файла /url/ |
|
| 942 ## - АРТИКУЛИ |
| Вид на библиотечния материал |
Книги |
| Скрит в OPAC |
Не |
| 944 ## - СЪЗДАВАНЕ И РЕДАКЦИЯ на ЗАПИСА |
| Създаване/Редакция |
Създаване |
| Дата на регистрацията/редакция |
14.11.2014 |
| Статус, дата на статуса |
ф / |
| Служител, извършил регистрацията/редакцията |
Виолета_Тройчева |
| 944 ## - СЪЗДАВАНЕ И РЕДАКЦИЯ на ЗАПИСА |
| Създаване/Редакция |
Редакция |
| Дата на регистрацията/редакция |
12.11.2015 |
| Статус, дата на статуса |
ф / |
| Служител, извършил регистрацията/редакцията |
Людмила_Стоянова |
| 999 ## - СИСТЕМНИ КОНТРОЛНИ НОМЕРА |
| Koha biblionumber |
160062 |
| Koha biblioitemnumber |
160062 |